000 00292nam a2200133Ia 4500
100 _aGaonkar/Ramesh S
942 _cBK
654 _aMicroprocessor
245 _aMicroprocessor architecture
260 _bWiley eastern
_aNew Delhi
_c1986
300 _a662
546 _aENGLISH
999 _c24546
_d24546